Szczegóły MARC21

Instytucje parabankowe w Polsce /

003 -Nazwa inst., której nr kontr. jest w polu 001 [,]
    • @
    • Nazwa instytucji, której n kontrolny jest w polu 001
    • NUKAT
005 -DATA I CZAS OSTATNIEJ MODYFIKACJI [,]
    • @
    • pole kontrolne
    • 20241231102735.0
020 -Międzynarod. znormalizowany nr książki - ISBN [ , ]
    • a
    • Numer ISBN
    • 9788326414206 Find
    • q
    • Dopowiedzenie
    • Wolters Kluwer Polska
040 -Instytucja sporządzająca opis [ , ]
    • a
    • Instytucja, która sporządziła opis (NP)
    • WR U/hp
    • c
    • Instytucja, która sporządziła rekord (NP)
    • WR U/hp
    • d
    • Instytucja, która zmodyfikowała rekord (P)
    • WR U/hb
    • d
    • Instytucja, która zmodyfikowała rekord (P)
    • GD U/AEKs
    • d
    • Instytucja, która zmodyfikowała rekord (P)
    • KR U/MWs
942 -Rodzaj dokumentu [ , ]
    • c
    • Rodzaj dokumentu
    • Książka
100 -Hasło główne - nazwa osobowa [1, ]
    • a
    • Nazwa osobowa (NP)
    • Srokosz, Witold.
    • 9
    • KHW
    • 28226
245 -Strefa tytułu i oznaczenia odpowiedzialności [1,0]
    • a
    • Tytuł
    • Instytucje parabankowe w Polsce / Find
    • c
    • Pozostałe elementy strefy tytułu i oznaczenia odpowiedzialności (NP)
    • Witold Srokosz.
260 -Strefa adresu wydawniczego [ , ]
    • a
    • Miejsce wydania (P)
    • Warszawa :
    • b
    • Nazwa wydawcy (P)
    • Lex a Wolters Kluwer business,
    • c
    • Data wydania (P)
    • 2011.
300 -Strefa opisu fizycznego [ , ]
    • a
    • Określenie formy książki i/lub objętość (NP)
    • 764, [1] s. ;
    • c
    • Format (NP)
    • 21 cm.
336 -Typ zawartości [ , ]
    • a
    • Termin opisujący typ zawartości
    • Tekst
    • b
    • Kod określający zawartość
    • txt
    • 2
    • Źródło (terminu i kodu)
    • rdacontent
337 -Typ mediów [ , ]
    • a
    • Tryb odtwarzania
    • Bez urządzenia pośredniczącego
    • b
    • Kod typu mediów
    • n
    • 2
    • Źródło (terminu i kodu)
    • rdamedia
338 -Typ/rodzaj nośnika [ , ]
    • a
    • Hasło opisujące typ nośnika
    • Wolumin
    • b
    • Kod typu nośnika
    • nc
    • 2
    • Źródło (terminu i kodu)
    • rdacarrier
490 -Strefa serii i książki wielotomowej - forma nie do wyszukiwania [1, ]
    • a
    • Tytuł (P)
    • Monografie Lex, Find
    • x
    • ISSN (NP)
    • 1897-4392
830 -Hasło dodatkowe serii i opisu książki wielotomowej - tytuł ujednolicony/tytuł [ ,0]
    • a
    • Tytuł ujednolicony/tytuł (NP)
    • Monografie - Wolters Kluwer Polska
    • x
    • ISSN
    • 1897-4392
    • 9
    • KHW
    • 931
500 -Uwaga ogólna [ , ]
    • a
    • Uwaga ogólna (NP)
    • Wykaz orzecznictwa s. 757-761.
504 -Uwaga dot. bibliogr. załącznikowej [ , ]
    • a
    • Uwaga dot. bibliografii załącznikowej
    • Bibliogr. s. 731-[744].
504 -Uwaga dot. bibliogr. załącznikowej [ , ]
    • a
    • Uwaga dot. bibliografii załącznikowej
    • Wykaz aktów prawnych s. 745-[756].
521 -Uwaga dot. przeznaczenia czytelniczego [8, ]
    • a
    • Uwaga dot. przeznaczenia czytelniczego
    • Dla radców prawnych, adwokatów i sędziów oraz pracowników spółdzielczych kas oszczędnościowo-kredytowych, instytucji płatniczych, instytucji kredytowych, banków i instytucji nadzorczych.
080 -Uniwersalna Klasyfikacja Dziesiętna [ , ]
    • 2
    • Identyfikator wydania tablic
    • UDC-P058
    • 9
    • UKD
    • 3178
    • a
    • Symbol klasyfikacji
    • 336.73
    • b
    • Dopowiedzenie
    • Inne (niebankowe) instytucje kredytowe. Instytucje kredytujące budownictwo mieszkaniowe. Prywatne i publiczne instytucje kredytowe. Towarzystwa kredytowe. Lombardy
    • 4
    • UKD2
    • 7642
    • x
    • Poddział wspólny
    • (438)
    • c
    • Dopowiedzenie poddz. wspólnego
    • (Polska).
    • 4
    • UKD2
    • 7975
    • x
    • Poddział wspólny
    • (4-67)
    • c
    • Dopowiedzenie poddz. wspólnego
    • (Kraje Unii Europejskiej).
080 -Uniwersalna Klasyfikacja Dziesiętna [ , ]
    • 2
    • Identyfikator wydania tablic
    • UDC-P058
    • 9
    • UKD
    • 3164
    • a
    • Symbol klasyfikacji
    • 336.7
    • b
    • Dopowiedzenie
    • Pieniądz. System monetarny. Bankowość. Giełdy.
    • 4
    • UKD2
    • 7642
    • x
    • Poddział wspólny
    • (438)
    • c
    • Dopowiedzenie poddz. wspólnego
    • (Polska).
    • 4
    • UKD2
    • 7975
    • x
    • Poddział wspólny
    • (4-67)
    • c
    • Dopowiedzenie poddz. wspólnego
    • (Kraje Unii Europejskiej).
650 -Hasło przedmiotowe [ ,7]
    • a
    • Hasło przedmiotowe
    • Prawo bankowe
    • z
    • Określnik geograficzny
    • Polska
    • y
    • Określnik chronologiczny
    • 1990-.
    • 2
    • Źródło terminu
    • kaba
    • 9
    • KHW
    • 354606
650 -Hasło przedmiotowe [ ,7]
    • a
    • Hasło przedmiotowe
    • Spółdzielnie kredytowe
    • x
    • Określnik rzeczowy
    • prawo
    • z
    • Określnik geograficzny
    • Polska
    • y
    • Określnik chronologiczny
    • 1990-.
    • 2
    • Źródło terminu
    • kaba
    • 9
    • KHW
    • 368197
650 -Hasło przedmiotowe [ ,7]
    • a
    • Hasło przedmiotowe
    • Spółdzielnie kredytowe
    • z
    • Określnik geograficzny
    • Polska
    • y
    • Określnik chronologiczny
    • 1990-.
    • 2
    • Źródło terminu
    • kaba
    • 9
    • KHW
    • 380391
650 -Hasło przedmiotowe [ ,7]
    • a
    • Hasło przedmiotowe
    • Instytucje kredytowe
    • x
    • Określnik rzeczowy
    • prawo
    • z
    • Określnik geograficzny
    • Polska
    • y
    • Określnik chronologiczny
    • 1990-.
    • 2
    • Źródło terminu
    • kaba
    • 9
    • KHW
    • 681373
980 -Symbol UKD [ , ]
    • a
    • UKD
    • 336.73:336.7](438:4-67)
710 -Hasło dodatkowe - nazwa ciała zbiorowego [2, ]
    • a
    • Nazwa ciała zbiorowego lub nazwa geograficzna jako pierwszy element (NP)
    • Wolters Kluwer Polska.
    • 4
    • Kod relacji
    • pbl
    • 9
    • KHW
    • 52677
920 -ISBN [ , ]
    • a
    • ISBN
    • 978-83-264-1420-6 Find
    • q
    • Dopowiedzenie
    • Wolters Kluwer Polska
Lokalizacja Data inwentaryzacji Status udost. Numer inwentarzowy Sygnatura
BSA2011-12-051SA.20634SA.20634
T2014-01-03-2T.14213T.14213